Loading...
| History - Other History | 0 | 5 | 0 | 0 | 50 | 57 | 68.20 | 2 | 4 |
| History - American History | 0 | 4 | 1 | 2 | 35 | 99 | 113.75 | 0 | 2 |
| History - World History | 0 | 3 | 0 | 1 | 30 | 74 | 89.00 | 0 | 1 |
| Fine Arts - Classical Music | 0 | 2 | 0 | 0 | 20 | 82 | 109.00 | 0 | 2 |
| Fine Arts - Other Fine Arts | 0 | 2 | 0 | 0 | 20 | 122 | 128.50 | 0 | 2 |
| Religion | 0 | 2 | 0 | 0 | 20 | 101 | 110.00 | 1 | 2 |
| Science - Other Science | 0 | 1 | 0 | 0 | 10 | 80 | 80.00 | 0 | 1 |
| Mythology | 0 | 1 | 0 | 0 | 10 | 73 | 73.00 | 1 | 1 |
| Fine Arts - Visual Fine Arts | 0 | 1 | 0 | 1 | 10 | 101 | 101.00 | 0 | 1 |
| Geography/Current Events | 0 | 1 | 0 | 1 | 10 | 104 | 104.00 | 0 | 0 |
| Philosophy | 0 | 1 | 0 | 1 | 10 | 118 | 118.00 | 0 | 1 |
| Pop Culture | 0 | 1 | 0 | 0 | 10 | 119 | 119.00 | 0 | 1 |
| Science - Biology | 0 | 1 | 0 | 0 | 10 | 115 | 115.00 | 0 | 1 |
| Social Science | 0 | 0 | 1 | 0 | -5 | 0.00 | 0 | 0 |